000 00777cam a2200193 4500
008 000000n2000 000 0 eng u
035 _a(Sirsi) u107364
245 _aSenior men working from home
260 _c2000
490 _aIndependent
_v 27 July 2000, 10(1)
520 _aResearchers from the Institute of Employment Studies have found that the number of professional men choosing to work from home has risen by nearly one-fifth in the past year. The more senior someone is the more likely they are to opt for teleworking.
590 _aWB
650 _aTELEWORKING
650 _aINSTITUTE OF EMPLOYMENT STUDIES
650 _aLABOUR FORCE SURVEY
650 _aWORKING FROM HOME
690 _aMANAGEMENT-BUSINESS MANAGEMENT-INFORMATION MANAGEMENT
942 _n0
999 _c64195
_d64195